000
002530000a22000970004500
100
1
_a
Wilt, Timothy
245
1
0
_a
A sociolinguistic analysis of na'
300
_a
Vol. 46, Num. 2 (Abril, 1996), Páginas 237-255
773
0
_t
Vetus Testamentum
942
_c
ANA
999
_c
58032
_d
58032